| 000 | 00353 a2200109 4500 | ||
|---|---|---|---|
| 001 | ART_11690 | ||
| 005 | 20260410161859.0 | ||
| 008 | 260409a | ||
| 245 | 1 | 0 | _aOptimal taxation in a spatial economy with transport costs |
| 100 | 1 | _aArnott, Richard J. | |
| 773 | 0 |
_tJournal of public economics _g- Vol. 11, NÂș 3 (jun. 1979) _wREV11485 |
|
| 999 |
_c25741 _d25741 |
||